Дело о приеме слушателей в Русскую филологическую семинарию в Лейпциге, выпуске их и назначении на службу

Доступно только в Электронных читальных залах Найти на картеНа карте
RUSMARC
00003860nmc2a22002533x 450
001dabd3e43-9568-4566-844f-86377d6cb995
00520231211093159.0
100##$a20230418l18851891k l0rusy0189 ca
1010#$arus
$ager
102##$aRU
105##$ay###
1222#$ad
2001#$aДело о приеме слушателей в Русскую филологическую семинарию в Лейпциге, выпуске их и назначении на службу
$j4 января 1885 г. - 19 января 1891 г.
215##$a163 л.
$d36,5х26 см
251##$cДело
300##$aНа русском и немецком языках
300##$aНаобложке имеются карандашные пометы
371##$aДокумент не является опубликованным и широко распространяемым
461#0$1001a74412a3-3cc5-4d21-8f0a-dfe2fbd9e72d
$12001
$aДепартамент народного просвещения Министерства народного просвещения (1803-1917)
$1251
$cФонд
$1852
$j733
462#0$1001f272017d-f39c-4b36-bfde-3cb8dc43f3af
$12001
$aДела по Русской филологической семинарии в Лейпциге (для подготовки учителей древних языков) и Русской семинарии по римскому праву в Берлине (для подготовки профессоров)
$1251
$cОпись
$1852
$j234
801#0$aRU
$bРГИА
$c20230418
$gRCR
801#1$aRU
$bГлавНИВЦ
$c20230418
$2rusmarc
801#2$aRU
$bПБ им. Б.Н. Ельцина
$c20231211
$gRCR
$2rusmarc
850##$aРГИА
852##$aРГИА
$eФедеральное казенное учреждение "Российский государственный исторический архив" (РГИА)
$j11
937##$hРГИА
$d12398626
$aASBIBLIO_SCAN
035##$aRusGRCC00064029
856##$uhttp://readingroom.main.prlib.ru/item.aspx?id_node=n189673714&mode=full
Формат отображения